[Event "BCF-chT3 1415 (4NCL)"]
[Site "England"]
[Date "2015.03.21"]
[Round "7.23"]
[White "Larter, Nick J"]
[Black "Johnson, Paul A"]
[Result "1-0"]
[WhiteElo "1787"]
[BlackElo "1900"]
[PlyCount "109"]
[EventDate "2015.03.21"]
[EventType "team-swiss"]
[EventRounds "11"]
[EventCountry "ENG"]
[SourceTitle "EXT 2016"]
[Source "ChessBase"]
[SourceDate "2015.10.08"]
[SourceVersion "1"]
[SourceVersionDate "2015.10.08"]
[SourceQuality "1"]
[WhiteTeam "Celtic Tigers II"]
[BlackTeam "Bradford DCA Knights II"]
[WhiteTeamCountry "ENG"]
[BlackTeamCountry "ENG"]

1. e4 e5 2. Bc4 Nf6 3. d4 exd4 4. Nf3 Nc6 5. e5 d5 6. Bb5 Ne4 7. Nxd4 Bd7 8. Bxc6 bxc6 9. 0-0 Bc5 10. Be3 Qe7 11. f3 Ng5 12. f4 Ne4 13. Nd2 Nxd2 14. Qxd2 0-0 15. Nb3 Bxe3+ 16. Qxe3 Bf5 17. Rf2 Rfb8 18. c3 Rb6 19. Nc5 Rb5 20. b4 a5 21. Rb2 axb4 22. cxb4 Rab8 23. Qd4 Rxc5 24. bxc5 Rxb2 25. Qxb2 Qxc5+ 26. Kh1 Qb5 27. Qxb5 cxb5 28. Rc1 Kf8 29. Rxc7 Bd3 30. a3 Bc4 31. Kg1 d4 32. Kf2 Ke8 33. g3 Kd8 34. Ra7 g6 35. h3 h5 36. g4 hxg4 37. hxg4 Be6 38. f5 gxf5 39. gxf5 Bxf5 40. Rxf7 Be6 41. Rf6 Ke7 42. Ke1 Bc4 43. Kd2 d3 44. Kc3 Ke8 45. Rd6 Ke7 46. Rxd3 Bxd3 47. Kxd3 Kd7 48. Kd4 Kc6 49. Ke4 Kc5 50. Kf5 Kc4 51. e6 Kb3 52. e7 Kxa3 53. e8Q b4 54. Qe1 b3 55. Qb1 1-0

[Event "BCF-chT3S 1213 (4NCL)"]
[Site "England"]
[Date "2012.11.03"]
[Round "1.149"]
[White "Larter, Nick J"]
[Black "Anilkumar, Anantha P"]
[Result "0-1"]
[WhiteElo "1791"]
[BlackElo "1603"]
[PlyCount "118"]
[EventDate "2012.11.03"]
[EventType "team-swiss"]
[EventRounds "6"]
[EventCountry "ENG"]
[SourceTitle "EXT 2014"]
[Source "ChessBase"]
[SourceDate "2013.11.20"]
[SourceVersion "1"]
[SourceVersionDate "2013.11.20"]
[SourceQuality "1"]
[WhiteTeam "Celtic Tigers"]
[BlackTeam "KJCA Knights"]
[WhiteTeamCountry "ENG"]
[BlackTeamCountry "ENG"]

1. e4 c5 2. c4 Nc6 3. Nc3 g6 4. g3 Bg7 5. Bg2 d6 6. Nge2 e6 7. 0-0 Nge7 8. d3 0-0 9. Rb1 Rb8 10. Be3 Nd4 11. Qd2 a6 12. f4 b5 13. b3 f5 14. h3 b4 15. Nd1 e5 16. Bxd4 cxd4 17. Nf2 Be6 18. Kh2 Bh6 19. Rbe1 fxe4 20. Nxe4 Nf5 21. Ng5 Bxg5 22. fxg5 Ne3 23. Rxf8+ Qxf8 24. Ng1 Qf5 25. Rxe3 dxe3 26. Qxe3 Qf7 27. d4 Qa7 28. c5 Re8 29. Bc6 exd4 30. Qxd4 dxc5 31. Qd6 Qe7 32. Qd3 Rd8 33. Qxa6 Qxg5 34. Bg2 Bd5 35. Bxd5+ Qxd5 36. Qb5 Rf8 37. Qe2 Qf7 38. Qe5 Qf5 39. Qd6 Re8 40. Qc6 Qf2+ 41. Kh1 Re1 42. Qc8+ Kg7 43. Qc7+ Kh6 44. Qf4+ Qxf4 45. gxf4 Ra1 46. Kg2 Rxa2+ 47. Kf3 Rb2 48. Ke4 Rxb3 49. h4 c4 50. Ne2 Rd3 51. Nc1 Rd1 52. Na2 b3 53. Nc3 b2 54. f5 gxf5+ 55. Ke3 b1Q 56. Nxb1 Rxb1 57. Kd2 f4 58. Ke2 c3 59. Kf3 c2 0-1

[Event "Sunningdale e2e4 Challengers-G"]
[Site "Sunningdale"]
[Date "2011.08.11"]
[Round "3"]
[White "Larter, Nick J"]
[Black "Hess, Peter Dean"]
[Result "0-1"]
[WhiteElo "1825"]
[BlackElo "1948"]
[PlyCount "56"]
[EventDate "2011.08.10"]
[EventType "tourn"]
[EventRounds "9"]
[EventCountry "ENG"]
[SourceTitle "CBM 144 Extra"]
[Source "ChessBase"]
[SourceDate "2011.10.28"]
[SourceVersion "1"]
[SourceVersionDate "2011.10.28"]
[SourceQuality "1"]

1. e4 e6 2. d4 d5 3. Nc3 dxe4 4. f3 exf3 5. Nxf3 Nf6 6. Bd3 a6 7. 0-0 c5 8. Qe1 cxd4 9. Ne4 Be7 10. Nfg5 h6 11. Nxf6+ gxf6 12. Nxf7 Kxf7 13. Qh4 h5 14. Be2 e5 15. Bg5 f5 16. Bc4+ Ke8 17. Bxe7 Qxe7 18. Qg3 Nc6 19. Rae1 Be6 20. Bxe6 Qxe6 21. Qg7 Rg8 22. Qxb7 Ra7 23. Qb6 Rag7 24. g3 h4 25. Rxe5 Qxe5 26. Qxc6+ Kf7 27. Qd7+ Kg6 28. Qc6+ Kh7 0-1

[Event "EU-Cup 26th"]
[Site "Plovdiv"]
[Date "2010.10.23"]
[Round "7.4"]
[White "Petersen, Steen Brustrup"]
[Black "Larter, Nick J"]
[Result "1-0"]
[WhiteElo "2157"]
[BlackElo "1840"]
[PlyCount "73"]
[EventDate "2010.10.17"]
[EventType "team-swiss"]
[EventRounds "7"]
[EventCountry "BUL"]
[SourceTitle "EXT 2020"]
[Source "ChessBase"]
[SourceDate "2019.10.17"]
[SourceVersion "1"]
[SourceVersionDate "2019.10.17"]
[SourceQuality "1"]
[WhiteTeam "Bronshoj"]
[BlackTeam "Ennis"]
[WhiteTeamCountry "DEN"]
[BlackTeamCountry "IRL"]

1. e4 e6 2. d3 b6 3. Nf3 Bb7 4. g3 c5 5. Bg2 Nc6 6. 0-0 g6 7. d4 cxd4 8. Nxd4 Bg7 9. Nb5 Bf8 10. Nd6+ Bxd6 11. Qxd6 Qb8 12. Qa3 Qe5 13. Bf4 Qc5 14. Qxc5 bxc5 15. c3 e5 16. Be3 d6 17. Rd1 Rd8 18. Na3 Ba6 19. Bf1 Bxf1 20. Kxf1 h6 21. Nc4 Ke7 22. Nxd6 Nf6 23. Bxc5 Ke6 24. f3 Nd7 25. Ba3 Nb6 26. b3 Na5 27. Nb5 Nc6 28. Bc5 f5 29. Nxa7 Nxa7 30. Bxb6 Rxd1+ 31. Rxd1 Nb5 32. c4 Nc3 33. exf5+ gxf5 34. Rd2 e4 35. Rc2 Nb1 36. fxe4 fxe4 37. Ke2 1-0

[Event "BCF-chT3 0809 (4NCL)"]
[Site "Hinckley Island"]
[Date "2009.02.07"]
[Round "5.3"]
[White "Rees, Sioned"]
[Black "Larter, Nick J"]
[Result "0-1"]
[WhiteElo "1395"]
[BlackElo "1807"]
[PlyCount "46"]
[EventDate "2008.10.18"]
[EventType "team-swiss"]
[EventRounds "11"]
[EventCountry "ENG"]
[SourceTitle "EXT 2010"]
[Source "ChessBase"]
[SourceDate "2010.11.25"]
[SourceVersion "1"]
[SourceVersionDate "2010.11.25"]
[SourceQuality "1"]
[WhiteTeam "WOB"]
[BlackTeam "Celtic Tigers II"]
[WhiteTeamCountry "ENG"]
[BlackTeamCountry "ENG"]

1. e4 c5 2. Nc3 e6 3. g3 a6 4. Bg2 Nc6 5. d3 g6 6. Rb1 Bg7 7. Be3 b6 8. Nf3 Nge7 9. 0-0 0-0 10. Ne2 Bb7 11. c3 d5 12. exd5 Nxd5 13. Bc1 Qc7 14. Nf4 Nxf4 15. Bxf4 e5 16. Bd2 Rad8 17. Qc2 Rd7 18. Rfe1 Rfd8 19. Bf1 Na5 20. Nh4 e4 21. Bf4 exd3 22. Qxd3 Qc6 23. Qf3 Qxf3 0-1

[Event "EU-Cup 24th"]
[Site "Kallithea"]
[Date "2008.10.19"]
[Round "3"]
[White "Larter, Nick J"]
[Black "Andersen, Rune"]
[Result "0-1"]
[WhiteElo "1819"]
[BlackElo "2049"]
[PlyCount "58"]
[EventDate "2008.10.17"]
[EventType "team-swiss"]
[EventRounds "7"]
[EventCountry "GRE"]
[SourceTitle "CBM 127"]
[Source "ChessBase"]
[SourceDate "2008.11.13"]
[SourceVersion "1"]
[SourceVersionDate "2008.11.13"]
[SourceQuality "1"]
[WhiteTeam "Ennis"]
[BlackTeam "Copenhagen Bronshoj"]
[WhiteTeamCountry "IRL"]
[BlackTeamCountry "DEN"]

1. e4 e6 2. d4 d5 3. Be3 dxe4 4. Nd2 Nf6 5. f3 Nd5 6. Qe2 Nxe3 7. Qxe3 exf3 8. Ngxf3 Be7 9. Bd3 Nd7 10. 0-0 c5 11. Qf4 0-0 12. Ne5 Bg5 13. Qe4 f5 14. Qe2 Nxe5 15. dxe5 Bxd2 16. Rad1 Bg5 17. Bxf5 Qe7 18. Bxh7+ Kxh7 19. Rxf8 Qxf8 20. Qh5+ Bh6 21. Qh4 Qf4 22. Qd8 Qe3+ 23. Kh1 b6 24. Qd6 Qe2 25. Rg1 Qc4 26. Qc6 Qd5 27. Qe8 Bb7 28. Qe7 Rd8 29. c4 Qxg2+ 0-1